01492nam a22003857a 4500001001000000003000900010005001700019007000300036008004000039020001800079040003000097082002800127100003100155240003400186245011900220264003300339300005300372336002700425337003500452338003000487490002700517500000600544500018500550500000600735590002600741650003400767650003500801700003400836700003500870830000600905910004100911942001200952952012500964999001701089002145095DO-SdBPM20251027121136.0ta161205b2009 sp a |||| 00| 0 spa d a9788408078111 aDO-SdBPMbspacBPMSUerda 4a853.91bS857t 20092221 aStilton, Geronimo eautor 1 a La citta Sgreta. lEspañol10aTea Stilton :bla ciudad secreta /cGeronimo Stilton ; ilustraciones de Fabio Bono ; traducción de Helena Aguila aBarcelona : bDestino,c2009 a178, [51] páginas : bilustraciones ; c22 cm. atextobtxt2rdacontent asin mediación bn2rdamedia  avolumen bnc2rdacarrier 0 aClub de Tea Stiltonv  a  aGeronimo Stilton[1]​ es una serie de libros para niños de 6 a 12 años creados por la escritora italiana Elisabetta Dami, que firma como el escritor ficticio Geronimo Stilton. a  aInventariado, 2025/VM 7aCuentos infantiles italianos. 7aRatones vCuentos infantiles. 1 aBono, Fabio, eilustración 1 a Aguila, Helenaetraductor d  v  aVMateo V. Control de calidad. BPMSU  2ddccBK 00102ddc708CI-GaBPMETbBPMETd2025-10-27l0oBPMSU CGI 853.91 S857t 2009pBPMSU25100103r2025-10-27w2025-10-27yBK c15475d15475